000 01035nam a2200217 a 4500
001 000035982
005 20250721105519.0
008 111121s2006 dr ad 001 0 spa d
040 _aDO-SdBNP
_bspa
_cBNPHU
082 _a711.4
_bN322p
100 1 _aNavarro García, Andrés
_91962
245 1 3 _aEl planeamiento urbano en la gestión municipal :
_bconceptos y criterios prácticos para técnicos y técnicas municipales /
_cAndrés Navarro García.
260 _aSanto Domingo :
_bPARME,
_c2006.
300 _a173 p. :
_bil., gráfcs. ;
_c28 cm.
505 0 _gPresentación /
_rJoaquín Gerónimo --
_gIntroducción --
_tLa legislación municipal en materia de planeamiento urbano --
_tMetodología para el planeamiento urbano --
_tAlgunos instrumentos prácticos para el planeamiento urbano --
_gAnexos.
590 _aInventariado, 2018/LP
650 4 _aUrbanismo
_xLegislación
_zRepública Dominicana
_962013
650 0 _aGobierno municipal
_917207
650 4 _aDerecho urbanístico
_962014
910 _aValidado. Control de calidad EMS
999 _c35473
_d35473